000 00745nam a22002417a 4500
001 94923
003 UA-OsUOA
005 20200111151447.0
007 ta
008 20130220b un ||||| |||| 00| 0 ukr d
040 _aUA-OsUOA
_brus
_cUA-OsUOA
_dUA-OsUOA
041 _arus
_hМова оригіналу
080 _a821.161.1
090 _a821.161.1
_bЗ-81
100 _aЗоля Э.
245 _aЖерминаль
_bроман
_cпер. с фр. Немчиновой Н.
260 _aХарьков
_bВища школа
_c1987
300 _a456 с.
650 7 _a82 Література. Літературознавство
_2UDC
942 _cBK
_2udc
955 _a3
999 _c381161
_d381161